000 00461nam a2200121Ia 4500
008 220615s9999||||xx |||||||||||||| ||und||
100 _aPiller, Elisabeth
245 0 _aSelling Weimar
_bGerman Public Diplomacy and the United States, 1918–1933 (Volume 60)
546 _aEnglish[eng]
650 _aHistory||Europe||Technology & Engineering||Agriculture
856 _uhttps://library.oapen.org/bitstream/20.500.12657/46529/1/external_content.pdf
942 _cEB
999 _c8902
_d8902